| 000 | 00802nam a2200241 i 4500 | ||
|---|---|---|---|
| 001 | 22625 | ||
| 003 | ES-MaACL | ||
| 005 | 20230906152729.0 | ||
| 007 | t| | ||
| 008 | 021203s1975 sp ||||1| spa d | ||
| 020 | _a84-7009-170-0 | ||
| 080 | _a930 Amiano Marcelino | ||
| 100 | 1 |
_aAlonso-Núñez, J. M. _920372 |
|
| 245 | 1 | 3 |
_aLa visión historiográfica de Ammiano Marcelino / _cJ.M. Alonso-Núñez. |
| 260 |
_aValladolid : _bUniversidad, Departamento de Prehistoria y Arqueología, _c1975. |
||
| 300 |
_a253 p. ; _c25 cm. |
||
| 490 | 1 |
_aStudia romana ; _v2 |
|
| 600 | 0 | 4 |
_aAmiano Marcelino. _921222 |
| 710 | 2 |
_aUniversidad de Valladolid. _bDepartamento de Prehistoria y Arqueología. _97341 |
|
| 830 | 1 |
_aStudia romana ; _v2 _9229001 |
|
| 852 |
_aES-MaACL _jE-8814 |
||
| 999 |
_c22625 _d22625 |
||